| 000 | 00694nam a2200265Ia 4500 | ||
|---|---|---|---|
| 005 | 20251020182441.0 | ||
| 008 | 200515s9999 xx 000 0 und d | ||
| 020 | _a970-15-0979-X | ||
| 082 | _a528.769/L23/ej.2 | ||
| 100 | _aLantada Zarzosa, Nieves | ||
| 100 | _aNúñez Andrés, M. Amparo | ||
| 245 | 0 | _aSistemas de información geográfica : Prácticas con ArcView | |
| 250 | _a1a ed. | ||
| 260 | _aBarcelona | ||
| 260 | _bAlfaomega ; EDICIONS UPC | ||
| 260 | _c2004 | ||
| 300 | _a226 p. | ||
| 300 | _bil., tbl., graf., map. | ||
| 500 | _a1 ejemplar | ||
| 650 | _aARCVIEW | ||
| 650 | _aSIG | ||
| 650 | _aSISTEMAS DE INFORMACION GEOGRAFICA | ||
| 942 | _cLIB | ||
| 999 |
_c550 _d550 |
||